000 00318nam a22001337a 4500
008 190305b xxu||||| |||| 00| 0 eng d
020 _a9780132958554
041 _aeng
080 _23rd
_a610.73
100 _a1
101 _aINF
245 _aFluids, Electrolytes, and Acid-Base Balance
_cHogan, M
942 _2udc
_cBK
999 _c54474
_d54474